000 00482nam a2200133Ia 4500
008 100328s9999 xx 000 0 und d
082 _b17522
100 _aविराज एमे.ए.
245 _aमहान व्यक्तियों की झलक
260 _bशिक्षा भारती
630 _aमहान व्यक्तियों की झलक
730 _aमहान व्यक्तियों की झलक
942 _cBOOK
999 _c512088
_d512085